নাট্যচিন্তা থার্ড থিয়েটার / (Record no. 2720)

MARC details
000 -LEADER
fixed length control field 00875nam a2200217 a 4500
003 - CONTROL NUMBER IDENTIFIER
control field BD-DhJNU
005 - DATE AND TIME OF LATEST TRANSACTION
control field 20260423081141.0
008 - FIXED-LENGTH DATA ELEMENTS--GENERAL INFORMATION
fixed length control field 260508s2024 bg |||g |||| 000 1|ben|d
020 ## - INTERNATIONAL STANDARD BOOK NUMBER
International Standard Book Number 9789393472489
040 ## - CATALOGING SOURCE
Original cataloging agency BD-DhJNU
Language of cataloging ben
Transcribing agency BD-DhJNU
Modifying agency BD-DhJNU
041 ## - LANGUAGE CODE
Language code of text/sound track or separate title ben
082 ## - DEWEY DECIMAL CLASSIFICATION NUMBER
Classification number 792.01 SAN
Edition number 23
100 ## - MAIN ENTRY--PERSONAL NAME
Personal name সরকার, বাদল
245 10 - TITLE STATEMENT
Title নাট্যচিন্তা থার্ড থিয়েটার /
Statement of responsibility, etc. বাদল সরকার
246 ## - VARYING FORM OF TITLE
Title proper/short title Natyachinta third theater
260 ## - PUBLICATION, DISTRIBUTION, ETC.
Place of publication, distribution, etc. কলকাতা :
Name of publisher, distributor, etc. নাট্যচিন্তা ফাউন্ডেশন,
Date of publication, distribution, etc. 2024.
300 ## - PHYSICAL DESCRIPTION
Extent ১১৮ পৃ. :
Other physical details চিত্র ;
Dimensions ২২ সেমি.।
650 ## - SUBJECT ADDED ENTRY--TOPICAL TERM
Topical term or geographic name entry element থার্ড থিয়েটার -- ভারত -- পশ্চিমবঙ্গ
650 ## - SUBJECT ADDED ENTRY--TOPICAL TERM
Topical term or geographic name entry element Third theater -- India -- West Bengal
942 ## - ADDED ENTRY ELEMENTS (KOHA)
Koha item type Books
Holdings
Withdrawn status Lost status Source of classification or shelving scheme Damaged status Not for loan Collection Home library Current library Shelving location Date acquired Source of acquisition Total checkouts Full call number Barcode Date last seen Copy number Price effective from Koha item type
    Dewey Decimal Classification     Non-fiction Jagannath University Central Library Jagannath University Central Library General stacks 04/23/2026 Purchased   792.01 SAN JNUCL36181 04/23/2026 1 04/23/2026 Books